000 00616nam a2200253Ia 4500
005 20260121155059.0
008 008 260114s9999 xx 000 0 eng d
020 _a9781003130505
037 _aEBOOK
040 _aCRL
040 _beng
040 _cCRL
041 _2eng
041 _aeng
084 _qCRL
100 _a Carlo Pelloso
_91015115
245 0 _aDemocracies and Republics Between Past and Future
260 _bTaylor and Francis
260 _c2021
856 _uhttp://www.taylorfrancis.com/books/9781003130505
942 _cEBOOK
999 _c1581934
_d1581934